[Event "Online Olym Div2 E 2020"]
[Site "chess.com INT"]
[Date "2020.08.15"]
[Round "6.4"]
[Board "5"]
[White "Quesada Leon, Joshua"]
[Black "Cardoso Cardoso, Jose Gabriel"]
[Result "0-1"]
[BlackTitle "FM"]
[WhiteElo "1839"]
[BlackElo "2414"]
[WhiteTeam "Costa Rica"]
[BlackTeam "Colombia"]
[WhiteFideId "6513166"]
[BlackFideId "4430492"]
[EventDate "2020.08.14"]
[EventType "team"]

1. e4 c5 2. d4 cxd4 3. c3 d3 4. Bxd3 Nc6 5. Nf3 d6 6. h3 g6 7. c4 Bg7 8. O-O Nf6
9. Nc3 O-O 10. Be3 Nd7 11. Rc1 Nc5 12. Bb1 Be6 13. Qe2 Rc8 14. b3 Qa5 15. Nd5
Rfe8 16. Rfd1 Qa3 17. Qd2 Bb2 18. Nf4 Bxc1 19. Rxc1 Bd7 20. Qd5 Nb4 21. Qg5 Qb2
22. e5 dxe5 23. Nxg6 fxg6 24. Bxg6 Ne6 25. Bf7+ Kh8 26. Qh6 Nf8 27. Qh5 Nd3 28.
Rd1 Nf4 29. Bxf4 exf4 30. Ne5 Red8 31. Ng6+ Nxg6 32. Bxg6 Qg7 33. Be4 Bc6 34.
Bd5 0-1

[Event "Online Olym Div2 E 2020"]
[Site "chess.com INT"]
[Date "2020.08.15"]
[Round "6.4"]
[Board "6"]
[White "Argote Heredia, Valentina"]
[Black "Diaz Charpentier, Kristel Meliss"]
[Result "0-1"]
[WhiteTitle "WIM"]
[WhiteElo "2150"]
[BlackElo "1898"]
[WhiteTeam "Colombia"]
[BlackTeam "Costa Rica"]
[WhiteFideId "4431022"]
[BlackFideId "6511708"]
[EventDate "2020.08.14"]
[EventType "team"]

1. e4 e5 2. Nf3 Nc6 3. Bb5 a6 4. Ba4 Nf6 5. O-O b5 6. Bb3 Be7 7. d3 d6 8. a3 O-O
9. Nc3 Nb8 10. Bg5 Nbd7 11. Re1 Nc5 12. Ba2 Be6 13. d4 exd4 14. Nxd4 Bxa2 15.
Rxa2 Qd7 16. Nf5 Ne6 17. Nxe7+ Qxe7 18. Nd5 Qd8 19. Nxf6+ gxf6 20. Bh6 Re8 21.
Qh5 Qe7 22. Re3 Kh8 23. Ra1 Rg8 24. Rh3 Rg6 25. Bd2 Rg7 26. Kh1 Rag8 27. Rg1 Nf8
28. Bc3 Rg6 29. Qf5 Qe6 30. Qf3 Nd7 31. Qh5 R8g7 32. f4 Qxe4 33. Qf3 Qxc2 34. g3
Rg4 35. Re1 Qg6 36. Qc6 Nf8 37. Qxc7 Rxf4 38. Qxd6 Rf2 39. Qd4 Rf5 40. Rh4 Ne6
41. Qd2 Rg5 42. Rh6 Qxh6 43. Kg2 Qg6 44. Rf1 Rf5 45. Rd1 Nf4+ 46. Kh1 Ne6 47.
Kg2 Qg5 48. Qd7 h6 49. Kh1 Qh5 50. Kg2 Qe2+ 51. Kh1 Rf1+ 0-1

[Event "Online Olym Div2 E 2020"]
[Site "chess.com INT"]
[Date "2020.08.15"]
[Round "6.5"]
[Board "2"]
[White "Varacalli, Francisco"]
[Black "Diaz Rosas, Julio Cesar"]
[Result "1/2-1/2"]
[WhiteTitle "IM"]
[BlackTitle "FM"]
[WhiteElo "2332"]
[BlackElo "2367"]
[WhiteTeam "Argentina"]
[BlackTeam "Mexico"]
[WhiteFideId "139327"]
[BlackFideId "5105099"]
[EventDate "2020.08.14"]
[EventType "team"]

1. e4 c5 2. Nf3 d6 3. d4 cxd4 4. Nxd4 Nf6 5. Nc3 a6 6. f4 e5 7. Nf3 Nbd7 8. a4
Be7 9. Bd3 Nc5 10. O-O O-O 11. Kh1 exf4 12. Bxf4 Bg4 13. Qd2 Bh5 14. Rae1 Bg6
15. Bg5 b5 16. axb5 axb5 17. Bxf6 Bxf6 18. Bxb5 Bxc3 19. Qxc3 Nxe4 20. Qd4 Rb8
21. c4 f5 22. Ra1 Qb6 23. Rad1 Be8 24. Qxb6 Rxb6 25. Nd4 Bxb5 26. Nxb5 g6 27. g4
fxg4 28. Rxf8+ Kxf8 29. Rd4 Nf6 30. Rxd6 1/2-1/2

[Event "Online Olym Div2 E 2020"]
[Site "chess.com INT"]
[Date "2020.08.15"]
[Round "6.5"]
[Board "6"]
[White "Borda Rodas, Anapaola S."]
[Black "Lopez Sanchez, Anastacia Antonia"]
[Result "1/2-1/2"]
[WhiteTitle "WFM"]
[BlackTitle "WCM"]
[WhiteElo "2138"]
[BlackElo "1809"]
[WhiteTeam "Argentina"]
[BlackTeam "Mexico"]
[WhiteFideId "152781"]
[BlackFideId "5115825"]
[EventDate "2020.08.14"]
[EventType "team"]

1. e4 c5 2. Nf3 Nc6 3. d4 cxd4 4. Nxd4 Nf6 5. Nc3 e5 6. Ndb5 d6 7. Bg5 a6 8. Na3
b5 9. Nd5 Be7 10. Bxf6 Bxf6 11. c3 Rb8 12. Nc2 O-O 13. h4 g6 14. Qd2 Bg7 15. h5
Re8 16. Be2 Be6 17. Nce3 Ne7 18. Rd1 Nxd5 19. Nxd5 Bxd5 20. Qxd5 Rb6 21. Kf1 Qc7
22. g3 Qe7 23. Kg2 Rc8 24. hxg6 hxg6 25. Rd2 Qg5 26. f4 Qe7 27. f5 gxf5 28. exf5
e4 29. Bg4 Rc5 30. Qa8+ Qf8 31. Qxe4 Rc4 32. Qe3 Rb8 33. Bf3 Be5 34. Rh5 Re8 35.
Rg5+ Bg7 36. Rxg7+ Kxg7 37. Qg5+ Kh7 38. Rd1 Qg7 39. Qxg7+ Kxg7 40. Rxd6 a5 41.
a3 Rc5 42. f6+ Kh6 43. Ra6 Re6 44. Rxa5 Rxf6 45. Ra7 Rcf5 46. Be4 Rf2+ 47. Kh3
Rxb2 48. Bd5 Kg5 49. g4 Rc2 50. Rc7 Rf1 51. Rc5 Kh6 52. Kg3 Rfc1 53. Rxb5 Rxc3+
54. Kf4 Rxa3 55. g5+ Kg7 56. Be4 Ra4 57. Re5 Rf1+ 58. Kg4 Re1 59. Kf4 Rf1+ 60.
Kg4 Rg1+ 61. Kf4 Rf1+ 1/2-1/2

[Event "Online Olym Div2 E 2020"]
[Site "chess.com INT"]
[Date "2020.08.16"]
[Round "7.1"]
[Board "2"]
[White "Mieles Palau, Daniel"]
[Black "Acosta, Pablo Ismael"]
[Result "0-1"]
[WhiteTitle "IM"]
[BlackTitle "IM"]
[WhiteElo "2364"]
[BlackElo "2465"]
[WhiteTeam "Ecuador"]
[BlackTeam "Argentina"]
[WhiteFideId "3600467"]
[BlackFideId "124311"]
[EventDate "2020.08.14"]
[EventType "team"]

1. c4 c5 2. Nc3 Nc6 3. g3 g6 4. Bg2 Bg7 5. Nf3 e5 6. a3 Nge7 7. O-O O-O 8. b4 d6
9. Rb1 Rb8 10. d3 h6 11. Ne1 f5 12. Nc2 Be6 13. Ne3 Kh7 14. Ned5 Bg8 15. Qa4
Nxd5 16. Nxd5 a6 17. bxc5 dxc5 18. Be3 Nd4 19. Bxd4 exd4 20. Rb2 b5 21. Qxa6
bxc4 22. Rxb8 Qxb8 23. dxc4 Qb2 24. Ne7 Rf6 25. Qa8 Bxc4 26. Bd5 Bxd5 27. Qxd5
Qb8 28. Qc4 Qe8 29. Nd5 Rc6 30. a4 Qf7 31. Rc1 Bf8 32. a5 Bd6 33. a6 Qa7 34. Rb1
Qxa6 35. Nf6+ Kg7 36. Ne8+ Kf8 37. Nxd6 Rxd6 38. Rb8+ Ke7 39. Qg8 Kf6 40. h4 Ke5
41. Qh8+ Kd5 42. Qg8+ Kc6 43. Qe8+ Kc7 44. Ra8 Qb7 45. Qa4 Qb1+ 46. Kh2 Rb6 47.
Qe8 Qe4 48. Qc8+ Kd6 49. Qd8+ Kc6 50. Qc8+ Kb5 51. Qd7+ Qc6 52. Qd8 c4 53. Rc8
Qd6 54. Qe8+ Kb4 55. Qf7 Qe6 56. Qf8+ Kb3 57. Qc5 Rb4 58. Qxd4 Qxc8 0-1

[Event "Online Olym Div2 E 2020"]
[Site "chess.com INT"]
[Date "2020.08.16"]
[Round "7.1"]
[Board "3"]
[White "Besso, Guadalupe"]
[Black "Fierro Baquero, Martha L."]
[Result "1/2-1/2"]
[WhiteTitle "WIM"]
[BlackTitle "IM"]
[WhiteElo "2111"]
[BlackElo "2359"]
[WhiteTeam "Argentina"]
[BlackTeam "Ecuador"]
[WhiteFideId "123161"]
[BlackFideId "3600270"]
[EventDate "2020.08.14"]
[EventType "team"]

1. d4 g6 2. c4 Bg7 3. Nc3 c6 4. e4 d6 5. Be2 Nd7 6. Nf3 e5 7. O-O Ngf6 8. dxe5
dxe5 9. Qd6 Bf8 10. Qd1 Bb4 11. Bh6 Ng4 12. Bg5 Be7 13. Bxe7 Qxe7 14. h3 Ngf6
15. Qd2 O-O 16. Rfd1 Re8 17. Qe3 Nh5 18. Rd2 Nf4 19. Bf1 Nf8 20. Rad1 f6 21. Ne2
Nxe2+ 22. Bxe2 Be6 23. b3 a5 24. Qc3 Qb4 25. Qe3 a4 26. h4 axb3 27. axb3 Ra3 28.
Rd3 Qe7 29. h5 Rea8 30. hxg6 hxg6 31. Ne1 Ra1 32. Qg3 Kg7 33. Bg4 Rxd1 34. Rxd1
Rd8 35. Rxd8 Qxd8 36. Bxe6 Nxe6 37. Qd3 Qd4 38. Kf1 Kf7 39. f3 Nf4 40. Qxd4 exd4
41. g3 Ne6 42. Nd3 c5 43. f4 b6 44. Ke2 Nd8 45. e5 Nc6 46. exf6 Kxf6 47. Kf3 Na5
48. Nc1 Nb7 49. Ke4 Ke6 50. Nd3 Nd6+ 51. Kf3 Kf6 52. Ne5 Ne8 53. Nd7+ Ke6 54.
Nxb6 Nc7 55. Na4 Kd6 56. Ke4 Ne8 57. g4 Nf6+ 58. Kf3 Nd7 59. Nb2 Nb8 60. Nd3 Nc6
61. Ke4 Na5 62. Nc1 Nc6 63. Nd3 Na5 64. Nc1 Nc6 65. Nd3 1/2-1/2

[Event "Online Olym Div2 E 2020"]
[Site "chess.com INT"]
[Date "2020.08.16"]
[Round "7.1"]
[Board "4"]
[White "Heredia Serrano, Carla"]
[Black "Francisco Guecamburu, Candela Be"]
[Result "0-1"]
[WhiteTitle "WGM"]
[BlackTitle "WFM"]
[WhiteElo "2114"]
[BlackElo "2034"]
[WhiteTeam "Ecuador"]
[BlackTeam "Argentina"]
[WhiteFideId "3603687"]
[BlackFideId "160911"]
[EventDate "2020.08.14"]
[EventType "team"]

1. d4 d5 2. Bf4 Bg4 3. Nc3 e6 4. f3 Bh5 5. h4 Bg6 6. h5 Bf5 7. g4 e5 8. Bxe5 Be6
9. Qd2 Nd7 10. Bg3 Nb6 11. e3 Bd6 12. Bxd6 Qxd6 13. O-O-O a6 14. Nh3 O-O-O 15.
Nf4 Ne7 16. e4 Nc6 17. e5 Qe7 18. Be2 Qb4 19. a3 Qe7 20. Ng2 f6 21. exf6 Qxf6
22. Kb1 Rhe8 23. Rhe1 Na5 24. Nf4 Nac4 25. Bxc4 Nxc4 26. Qc1 Bf7 27. b3 Nb6 28.
Qd2 Qd6 29. Ka2 a5 30. Nd3 Rxe1 31. Rxe1 Be8 32. Nc5 Bd7 33. Nxd7 Qxd7 34. Qe3
Rf8 35. Rf1 Qc6 36. f4 a4 37. f5 Re8 38. Qd2 h6 39. Re1 Rd8 40. Re6 Rd6 41. Rxd6
Qxd6 42. Qe2 axb3+ 43. cxb3 Kb8 44. Kb2 Qf4 45. Qe8+ Nc8 46. Qe5 Qd2+ 47. Kb1
Qxc3 48. Qxd5 Qe1+ 49. Kb2 Qe2+ 50. Kc3 Qxg4 51. Qf7 Nd6 52. Qg8+ Ka7 53. Qd5
Qxf5 54. Qxf5 Nxf5 55. Kc4 c6 56. d5 cxd5+ 57. Kxd5 Ng3 58. Ke5 Nxh5 59. Kf5 g5 0-1

[Event "Online Olym Div2 E 2020"]
[Site "chess.com INT"]
[Date "2020.08.16"]
[Round "7.1"]
[Board "6"]
[White "Ortiz Verdezoto, Anahi"]
[Black "Borda Rodas, Anapaola S."]
[Result "0-1"]
[WhiteTitle "WIM"]
[BlackTitle "WFM"]
[WhiteElo "2013"]
[BlackElo "2138"]
[WhiteTeam "Ecuador"]
[BlackTeam "Argentina"]
[WhiteFideId "3614581"]
[BlackFideId "152781"]
[EventDate "2020.08.14"]
[EventType "team"]

1. d4 Nf6 2. c4 g6 3. Nc3 d5 4. e3 Bg7 5. cxd5 Nxd5 6. Bc4 Nb6 7. Bb3 O-O 8. Nf3
Nc6 9. O-O e5 10. d5 Na5 11. e4 Bg4 12. h3 Nxb3 13. axb3 Bd7 14. Bg5 f6 15. Be3
Kh8 16. Qd2 Qe7 17. Ne2 Rfc8 18. Rfc1 c6 19. d6 Qe6 20. Qb4 Bf8 21. Bc5 Re8 22.
Rd1 Reb8 23. Rd2 Nc8 24. Qc3 b6 25. Be3 Nxd6 26. Qd3 c5 27. Nc3 Bc6 28. Nd5 Bxd5
29. exd5 Qd7 30. Qc2 Rd8 31. Nh2 Bg7 32. Ra4 Qf5 33. Qd1 e4 34. Qe2 Rd7 35. Nf1
Re7 36. Ng3 Qd7 37. Bf4 f5 38. Bg5 Ree8 39. h4 Kg8 40. h5 Nf7 41. Be3 Re5 42.
hxg6 hxg6 43. Qd1 Rd8 44. d6 Re6 45. Bf4 Be5 46. Be3 Rxd6 47. Rxd6 Qxd6 48. Qxd6
Rxd6 49. Nf1 Bxb2 50. Rxa7 Be5 51. Ra8+ Kg7 52. g3 Rd3 53. Nd2 Bd4 54. Nc4 Bxe3
55. fxe3 Rxb3 56. Ra7 Kf6 57. Rb7 Ne5 58. Rxb6+ Rxb6 59. Nxb6 c4 60. Kf2 Ke6 61.
Ke2 Kd6 62. Kd2 Kc5 63. Na4+ Kb4 64. Nc3 Nf3+ 65. Kc2 Ne1+ 66. Kd2 Nf3+ 67. Kc2
Ne5 68. Nd5+ Kc5 69. Nf4 Ng4 70. Kd2 Kb4 71. Nd5+ Kb3 72. Kd1 c3 73. Nf4 Nxe3+
74. Kc1 Nf1 75. Nxg6 Nxg3 76. Nf4 e3 77. Ng2 Ne2+ 78. Kd1 c2+ 79. Kxe2 c1=Q 80.
Nxe3 f4 81. Ng2 Kc3 82. Kf3 Qf1+ 0-1

[Event "Online Olym Div2 E 2020"]
[Site "chess.com INT"]
[Date "2020.08.16"]
[Round "7.2"]
[Board "2"]
[White "Diaz Rosas, Julio Cesar"]
[Black "Escobar Forero, Alder"]
[Result "0-1"]
[WhiteTitle "FM"]
[BlackTitle "GM"]
[WhiteElo "2367"]
[BlackElo "2510"]
[WhiteTeam "Mexico"]
[BlackTeam "Colombia"]
[WhiteFideId "5105099"]
[BlackFideId "4400801"]
[EventDate "2020.08.14"]
[EventType "team"]

1. e4 c5 2. Nf3 Nc6 3. d4 cxd4 4. Nxd4 e5 5. Nb5 a6 6. Nd6+ Bxd6 7. Qxd6 Qe7 8.
Qd1 Nf6 9. Nc3 d6 10. Bg5 Be6 11. Nd5 Bxd5 12. Bxf6 Qxf6 13. Qxd5 O-O 14. c3 Ne7
15. Qb3 Rfd8 16. Bc4 Rac8 17. O-O b5 18. Be2 Qf4 19. a4 Qxe4 20. Rfe1 Qb7 21.
axb5 axb5 22. Qxb5 Qxb5 23. Bxb5 Rb8 24. c4 Nf5 25. f4 exf4 26. Re4 g5 27. Ra7
Kg7 28. g3 fxg3 29. hxg3 h5 30. g4 hxg4 31. Bd7 Nh6 32. Bxg4 Rxb2 33. Bh5 Rdb8
34. Ree7 Rb1+ 35. Kf2 R8b2+ 36. Kf3 Rf1+ 37. Ke4 Rh2 38. Bf3 g4 39. Bxg4 Nxg4
40. Kd5 Rd2+ 41. Kc6 Rf5 42. Kb6 Ne5 43. Rac7 Rb2+ 44. Ka7 Rc2 45. c5 Rxc5 0-1

[Event "Online Olym Div2 E 2020"]
[Site "chess.com INT"]
[Date "2020.08.16"]
[Round "7.2"]
[Board "4"]
[White "Real Pereyra, Diana Carime"]
[Black "Chirivi C, Jenny Astrid"]
[Result "0-1"]
[WhiteTitle "WIM"]
[BlackTitle "WIM"]
[WhiteElo "2042"]
[BlackElo "2156"]
[WhiteTeam "Mexico"]
[BlackTeam "Colombia"]
[WhiteFideId "5104106"]
[BlackFideId "4403061"]
[EventDate "2020.08.14"]
[EventType "team"]

1. e4 c5 2. Nc3 a6 3. Nf3 e6 4. d4 cxd4 5. Nxd4 Qc7 6. Bd3 Nf6 7. Qe2 Bd6 8. Bg5
Be5 9. Nb3 b5 10. Nd1 Bb7 11. Bh4 d5 12. Bxf6 Bxf6 13. exd5 Bxd5 14. Ne3 Bb7 15.
c3 Nd7 16. Ng4 Bxg2 17. Rg1 Bb7 18. Nxf6+ gxf6 19. O-O-O O-O-O 20. Be4 Qf4+ 21.
Nd2 Nc5 22. Bxb7+ Kxb7 23. Rg3 Rd5 24. Qf3 Qxf3 25. Rxf3 f5 26. Nf1 Rxd1+ 27.
Kxd1 Rg8 28. Rh3 Rg7 29. Ke2 Kc6 30. Nd2 Kd6 31. Nf3 Na4 32. c4 Nxb2 33. cxb5
axb5 34. Nd4 Kc5 35. Rb3 Kxd4 36. Rxb2 Kc5 37. Kf3 Rg4 38. h3 Rc4 39. Kg3 e5 40.
Kf3 Rc3+ 41. Kg2 e4 42. h4 h5 43. Kh2 b4 44. Kg2 f4 45. Kh2 f5 46. Kg2 e3 47.
Re2 Kd4 48. Kf3 exf2+ 49. Kxf2 Rh3 50. Re8 Rxh4 51. Kf3 Rh2 52. Rb8 Kc3 53. Kxf4
Rxa2 54. Rc8+ Kb3 55. Kxf5 Re2 56. Kg5 Ka2 57. Ra8+ Kb2 58. Kxh5 b3 59. Kg4 Rf2
60. Kg3 Rf7 61. Rb8 Kc2 62. Rc8+ Kb1 63. Rb8 b2 64. Rb6 Rc7 65. Rf6 Kc1 66. Rf1+
Kc2 67. Rf2+ Kb3 68. Rf1 Rc1 0-1

[Event "Online Olym Div2 E 2020"]
[Site "chess.com INT"]
[Date "2020.08.16"]
[Round "7.2"]
[Board "5"]
[White "Cardoso Cardoso, Jose Gabriel"]
[Black "Tello Chavez, Isaac Valent"]
[Result "1/2-1/2"]
[WhiteTitle "FM"]
[BlackTitle "FM"]
[WhiteElo "2414"]
[BlackElo "2275"]
[WhiteTeam "Colombia"]
[BlackTeam "Mexico"]
[WhiteFideId "4430492"]
[BlackFideId "5114241"]
[EventDate "2020.08.14"]
[EventType "team"]

1. d4 d5 2. c4 dxc4 3. Nf3 a6 4. a4 Nf6 5. e3 e6 6. Bxc4 c5 7. O-O Nc6 8. Nc3
Be7 9. Qe2 cxd4 10. Rd1 e5 11. exd4 exd4 12. Nxd4 Nxd4 13. Qe5 Qd6 14. Qxd6 Bxd6
15. Rxd4 Bc5 16. Rd1 Be6 17. Re1 O-O 18. Bxe6 fxe6 19. Rxe6 Ng4 20. Ne4 Ba7 21.
Be3 Nxe3 22. fxe3 Rae8 23. Rxe8 Rxe8 24. Nc3 Rxe3 25. Kf1 Bd4 26. Rc1 h6 27. Rc2
Kf7 28. Ne2 Be5 29. Kf2 Rb3 30. Nc3 Ke6 31. h3 Bxc3 32. bxc3 Kd5 33. Rd2+ Kc6
34. Rd3 Ra3 35. Rg3 g5 36. h4 gxh4 37. Rg4 Rxc3 38. Rxh4 b5 39. Rxh6+ Kb7 40.
axb5 axb5 41. g4 b4 42. g5 1/2-1/2

[Event "Online Olym Div2 E 2020"]
[Site "chess.com INT"]
[Date "2020.08.16"]
[Round "7.2"]
[Board "6"]
[White "Lopez Sanchez, Anastacia Antonia"]
[Black "Toro Castaneda, Elizabeth"]
[Result "0-1"]
[WhiteTitle "WCM"]
[BlackTitle "CM"]
[WhiteElo "1809"]
[BlackElo "1989"]
[WhiteTeam "Mexico"]
[BlackTeam "Colombia"]
[WhiteFideId "5115825"]
[BlackFideId "4429559"]
[EventDate "2020.08.14"]
[EventType "team"]

1. d4 Nf6 2. Nf3 g6 3. g3 Bg7 4. Bg2 O-O 5. O-O d6 6. c4 c5 7. Nc3 Nc6 8. dxc5
dxc5 9. Be3 Qa5 10. Qb3 Qb4 11. Qxb4 cxb4 12. Nd5 Nd7 13. Rab1 e6 14. Nf4 Nb6
15. b3 e5 16. Nd5 Bf5 17. Rbd1 Nd7 18. Nh4 Bg4 19. f3 Be6 20. Nc7 Rad8 21. Nxe6
fxe6 22. Bh3 Rfe8 23. Bg5 Bf6 24. Bxf6 Nxf6 25. e3 Kf7 26. Kf2 Rxd1 27. Rxd1 Rd8
28. Rxd8 Nxd8 29. Ng2 Nc6 30. Ne1 Nd7 31. Nd3 Kf6 32. Bg4 a5 33. h4 Ne7 34. h5
g5 35. Bh3 h6 36. Ke2 Nf5 37. Bxf5 exf5 38. g4 e4 39. Nf2 exf3+ 40. Kxf3 Ne5+
41. Kg3 Nxg4 42. Nxg4+ fxg4 43. Kxg4 Ke5 44. c5 Ke4 45. Kg3 Kxe3 46. Kg4 Ke4 47.
Kg3 Kd5 48. Kg4 Kxc5 49. Kf5 Kd5 50. Kg6 g4 51. Kxh6 g3 52. Kg7 g2 53. h6 g1=Q+
54. Kf7 b5 55. h7 Qh2 56. Kg7 a4 57. h8=Q Qxh8+ 58. Kxh8 axb3 59. axb3 Kd4 60.
Kg7 Kc3 61. Kf6 Kxb3 62. Ke5 Kc2 63. Kd4 b3 0-1

[Event "Online Olym Div2 E 2020"]
[Site "chess.com INT"]
[Date "2020.08.16"]
[Round "7.3"]
[Board "2"]
[White "Minero Pineda, Sergio"]
[Black "Tomic, Aleksandar"]
[Result "1/2-1/2"]
[WhiteTitle "IM"]
[BlackTitle "FM"]
[WhiteElo "2365"]
[BlackElo "2373"]
[WhiteTeam "Costa Rica"]
[BlackTeam "Montenegro"]
[WhiteFideId "6500374"]
[BlackFideId "16501799"]
[EventDate "2020.08.14"]
[EventType "team"]

1. d4 Nf6 2. c4 e6 3. Nf3 Bb4+ 4. Nbd2 d6 5. a3 Bxd2+ 6. Qxd2 a5 7. b3 b6 8. e3
Bb7 9. Be2 Nbd7 10. O-O O-O 11. Bb2 Ne4 12. Qc2 f5 13. d5 e5 14. Nd2 Nxd2 15.
Qxd2 Qh4 16. f4 Qe7 17. Bd3 g6 18. Rae1 Nc5 19. Bc2 Ba6 20. Qc3 b5 21. e4 fxe4
22. Bxe4 bxc4 23. Bb1 cxb3 24. Rf3 Rae8 25. Qxa5 Bb7 26. Qd2 Qg7 27. fxe5 Rxf3
28. gxf3 dxe5 29. Be4 Qd7 30. Qc3 Nxe4 31. fxe4 Qg4+ 32. Qg3 Qxg3+ 33. hxg3 c6
34. d6 c5 35. Rc1 Bxe4 36. Rxc5 Bf5 37. Rxe5 Rc8 38. Re2 Kf7 39. Kf2 Rc2 40.
Rxc2 Bxc2 41. a4 Ke6 42. Ba3 Bd3 43. Ke3 1/2-1/2

[Event "Online Olym Div2 E 2020"]
[Site "chess.com INT"]
[Date "2020.08.16"]
[Round "7.3"]
[Board "3"]
[White "Koljevic, Nikolina"]
[Black "Hernandez Alvarez, Tania Regla"]
[Result "0-1"]
[BlackTitle "WIM"]
[WhiteElo "1870"]
[BlackElo "2041"]
[WhiteTeam "Montenegro"]
[BlackTeam "Costa Rica"]
[WhiteFideId "16503945"]
[BlackFideId "3501442"]
[EventDate "2020.08.14"]
[EventType "team"]

1. e4 c5 2. Nf3 a6 3. d4 cxd4 4. Nxd4 Nf6 5. Nc3 e5 6. Nde2 Bc5 7. h3 Qb6 8. Be3
Bxe3 9. fxe3 Qxe3 10. Qd6 Nc6 11. Rd1 Nxe4 12. Nxe4 Qxe4 13. c3 Qh4+ 14. g3 Qe7
15. Bg2 Qxd6 16. Rxd6 O-O 17. O-O Rb8 18. g4 Na5 19. b3 Nc6 20. Ng3 g6 21. Ne4
Kg7 22. g5 Ne7 23. Ng3 b5 24. h4 h5 25. Bh3 Rb7 26. Ne4 Rc7 27. b4 Rc4 28. Re1
Bb7 29. Nc5 Rxh4 30. Bxd7 Rh1+ 31. Kf2 Rxe1 32. Kxe1 Bd5 33. Nxa6 h4 34. Bh3
Bxa2 35. Nc7 Bc4 36. Rd7 Nc6 37. Bf1 Rd8 38. Rxd8 Nxd8 39. Ne8+ Kf8 40. Nd6 Bxf1
41. Kxf1 Ne6 42. Ne4 Ke7 43. Kg2 Nf4+ 44. Kf3 Ke6 45. Nc5+ Kf5 46. Nd3 Nxd3 0-1

[Event "Online Olym Div2 E 2020"]
[Site "chess.com INT"]
[Date "2020.08.16"]
[Round "7.3"]
[Board "4"]
[White "Castillo Morales, Thais"]
[Black "Bacic, Kristina"]
[Result "0-1"]
[WhiteTitle "WIM"]
[WhiteElo "1846"]
[BlackElo "1856"]
[WhiteTeam "Costa Rica"]
[BlackTeam "Montenegro"]
[WhiteFideId "6507395"]
[BlackFideId "16500245"]
[EventDate "2020.08.14"]
[EventType "team"]

1. c4 c6 2. g3 d5 3. Bg2 Nf6 4. Nf3 dxc4 5. Qc2 Qd5 6. b3 cxb3 7. axb3 Qh5 8. d4
Bh3 9. O-O Bxg2 10. Kxg2 Nbd7 11. e4 e5 12. Bb2 exd4 13. Nxd4 Bc5 14. Nf5 O-O
15. Nd2 Bb6 16. h3 Rfe8 17. Nd6 Re6 18. Nxb7 Rb8 19. e5 Rxb7 20. exf6 Nxf6 21.
Nf3 Qc5 22. Qd3 Rd7 23. Qa6 Rd8 24. Rac1 Qb5 25. Qa1 Qxb3 26. Rfe1 Ne4 27. Bxg7
Bxf2 28. Rf1 Bxg3 29. Bb2 Qb5 30. Rc2 f6 31. Ba3 Qd5 32. Qb2 Qh5 33. Re2 Ng5 34.
h4 Rxe2+ 35. Qxe2 Nxf3 36. Qxf3 Qxf3+ 37. Rxf3 Bxh4 38. Rc3 Rc8 39. Bc5 a6 40.
Kh3 Bg5 41. Ra3 Ra8 42. Kg4 Kf7 43. Rb3 Ke6 44. Rb7 h6 45. Rb6 Kd5 46. Ba3 a5
47. Kf5 a4 48. Rb4 Ra5 49. Rb6 Kc4+ 50. Ke4 Re5+ 51. Kf3 Re3+ 52. Kf2 Rxa3 53.
Rxc6+ Kd5 54. Rb6 Rb3 55. Ra6 a3 56. Ke2 Rb2+ 57. Kd3 a2 58. Kc3 Rh2 0-1

[Event "Online Olym Div2 E 2020"]
[Site "chess.com INT"]
[Date "2020.08.16"]
[Round "7.3"]
[Board "5"]
[White "Pobor, Milo"]
[Black "Quesada Leon, Joshua"]
[Result "0-1"]
[WhiteElo "2120"]
[BlackElo "1839"]
[WhiteTeam "Montenegro"]
[BlackTeam "Costa Rica"]
[WhiteFideId "16503589"]
[BlackFideId "6513166"]
[EventDate "2020.08.14"]
[EventType "team"]

1. e4 c5 2. Nf3 d6 3. d4 cxd4 4. Qxd4 Nc6 5. Bb5 a6 6. Bxc6+ bxc6 7. Nc3 e5 8.
Qd3 Be7 9. O-O Nf6 10. Bg5 O-O 11. Rad1 Be6 12. Bxf6 gxf6 13. Nh4 Kh8 14. Qe3
Rg8 15. f4 d5 16. exd5 cxd5 17. fxe5 Qa5 18. Qe1 d4 19. exf6 Bb4 20. a3 dxc3 21.
axb4 Qxb4 22. bxc3 Qc5+ 23. Kh1 Rg4 24. Nf3 Rag8 25. Rf2 Bd5 26. Rdd2 Rxg2 27.
Rxd5 Qxd5 28. Rxg2 Qxf3 29. Qg1 Rg6 30. c4 a5 31. c5 a4 32. c6 Qxc6 33. h3 a3
34. Kh2 Rxg2+ 35. Qxg2 Qxg2+ 36. Kxg2 a2 0-1

[Event "Online Olym Div2 E 2020"]
[Site "chess.com INT"]
[Date "2020.08.16"]
[Round "7.4"]
[Board "1"]
[White "Greet, Andrew N"]
[Black "Zambrana, Oswaldo"]
[Result "0-1"]
[WhiteTitle "IM"]
[BlackTitle "GM"]
[WhiteElo "2417"]
[BlackElo "2438"]
[WhiteTeam "Scotland"]
[BlackTeam "Bolivia"]
[WhiteFideId "405817"]
[BlackFideId "3300200"]
[EventDate "2020.08.14"]
[EventType "team"]

1. e4 c5 2. d4 cxd4 3. c3 Nf6 4. e5 Nd5 5. Qxd4 e6 6. Nf3 Nc6 7. Qe4 f5 8. Qe2
Be7 9. c4 Nc7 10. Nc3 b6 11. Bf4 O-O 12. h4 a6 13. a4 Bb7 14. Rd1 b5 15. axb5
axb5 16. Nxb5 Nxb5 17. cxb5 Nb4 18. Ng5 Qa5 19. Qd2 Nc2+ 20. Ke2 Qxb5+ 21. Qd3
Qxb2 22. Qxd7 Nd4+ 23. Ke1 Bb4+ 24. Bd2 Qxd2+ 25. Rxd2 Ra1# 0-1

[Event "Online Olym Div2 E 2020"]
[Site "chess.com INT"]
[Date "2020.08.16"]
[Round "7.4"]
[Board "3"]
[White "Cooke, Suzie G."]
[Black "Cordero, Daniela"]
[Result "0-1"]
[WhiteTitle "WFM"]
[BlackTitle "WIM"]
[WhiteElo "1915"]
[BlackElo "2010"]
[WhiteTeam "Scotland"]
[BlackTeam "Bolivia"]
[WhiteFideId "414930"]
[BlackFideId "3301630"]
[EventDate "2020.08.14"]
[EventType "team"]

1. d4 e6 2. Nf3 Nf6 3. Bf4 d5 4. e3 c5 5. c3 Nc6 6. Nbd2 cxd4 7. exd4 Nh5 8. Be3
Bd6 9. Ne5 g6 10. Ndf3 f6 11. Nxc6 bxc6 12. g3 O-O 13. Bh3 e5 14. Bg2 e4 15. Nd2
f5 16. Bh6 Rf7 17. O-O f4 18. g4 f3 19. gxh5 Bxh2+ 20. Kh1 Qh4 21. Bg5 Qxh5 22.
Bxf3 exf3 23. Nxf3 Rxf3 24. Kg2 Bh3+ 25. Kh1 Bxf1 26. Qxf1 Bf4+ 27. Kg2 Qg4+ 28.
Kh1 Rh3+ 0-1